La disciplina marcará tu destino : el poder del autocontrol /
Obra que parte de las cuatro virtudes cardinales para plantear desde la perspectiva del estoicismo una reflexión acerca de cómo es que estas virtudes pueden servir como una suerte de guía en la vida para el autocontrol y la autodisciplina, piezas clave para alcanzar el destino deseado.
Guardado en:
| Autor principal: | |
|---|---|
| Otros autores: | |
| Formato: | Libro |
| Idioma: | Español |
| Publicado: |
México :
Conecta,
2025, c2025
|
| Temas: | |
| Etiquetas: |
Sin etiquetas, Sé el primero en etiquetar este registro!
|
MARC
| LEADER | 00000nam^a2200000^a^4500 | ||
|---|---|---|---|
| 001 | 000616505 | ||
| 005 | 20250815000000.0 | ||
| 009 | 20260310133722.273 | ||
| 020 | |a 978-607-382-524-5 | ||
| 037 | |a Acervo ITESO - Biblioteca | ||
| 041 | |a ESP | ||
| 082 | |a 158. 1 |b HOL | ||
| 100 | |a Holiday, Ryan |e (autor) | ||
| 245 | 1 | 3 | |a La disciplina marcará tu destino : |b el poder del autocontrol / |c R. Holiday ; tr. por N. Sobregués, Nieves Calvino. |
| 264 | 4 | |a México : |b Conecta, |c 2025, c2025 | |
| 300 | |a 315 p. | ||
| 336 | |a texto |b txt |2 rdacontenido | ||
| 337 | |a sin mediación |b n |2 rdamedio | ||
| 338 | |a volumen |b nc |2 rdasoporte | ||
| 500 | |a Traducción de: Discipline is Destiny | ||
| 520 | |a Obra que parte de las cuatro virtudes cardinales para plantear desde la perspectiva del estoicismo una reflexión acerca de cómo es que estas virtudes pueden servir como una suerte de guía en la vida para el autocontrol y la autodisciplina, piezas clave para alcanzar el destino deseado. | ||
| 521 | |a Peticiones 2025 | ||
| 649 | |a XX | ||
| 650 | |a Fortaleza | ||
| 650 | |a Justicia e Injusticia | ||
| 650 | |a Prudencia | ||
| 650 | |a Templanza | ||
| 650 | |a Autocontrol - |x Tema Principal | ||
| 650 | |a Virtudes Cardinales | ||
| 650 | |a Virtudes - |x Tema Principal | ||
| 650 | |a Conducta de Vida | ||
| 650 | |a Superación Personal y Autoayuda | ||
| 650 | |a Desarrollo Humano | ||
| 700 | |a Sobregués, Noemí |e (traducción) | ||
| 910 | |a Fondo General | ||
| 920 | |a Impresos - Libros | ||
| 930 | |a Colección General | ||
| 905 | |a 101 | ||
| 901 | |a 616505-10 |b IT1 |c ACC |i C190395 |u 20250815 | ||
| 902 | |a https://opac.biblio.iteso.mx/vufind/Record/000616505 | ||